Am 1. Weltkrieg beteiligte Länder - Statistiken

Allgemein
  • Dieses Quiz wurde 344 mal gespielt
    337 seit der letzten Aktualisierung
  • Das Durchschnittsergebnis liegt bei 21 aus 35
Antwortstatistiken
Kontinent Land % Korrekt
Europa Deutsches Reich
98%
Europa Österreich-Ungarn
95%
Europa Russland
95%
Nordamerika Vereinigte Staaten
95%
Europa Frankreich
93%
Asien Japan
93%
Nordamerika Kanada
88%
Europa Vereinigtes Königreich
88%
Asien China
87%
Ozeanien Australien
85%
Europa Italien
85%
Europa Belgien
77%
Südamerika Brasilien
70%
Europa Bulgarien
65%
Asien Osmanisches Reich
65%
Europa Serbien
63%
Ozeanien Neuseeland
62%
Europa Griechenland
60%
Europa Rumänien
59%
Europa Portugal
54%
Afrika Südafrika
52%
Nordamerika Kuba
49%
Europa Luxemburg
46%
Nordamerika Panama
45%
Nordamerika Costa Rica
38%
Nordamerika Guatemala
38%
Nordamerika Honduras
38%
Nordamerika Haiti
34%
Europa Montenegro
34%
Asien Siam
34%
Nordamerika Nicaragua
33%
Asien Hedschas
21%
Afrika Liberia
15%
Asien Nepal
8%
Nordamerika Neufundland
3%
Keine übereinstimmenden Quizze gefunden
Verteilung der Resultate
Anzahl Personen mit jedem Resultat
Perzentil nach korrekt beantworteten Fragen
Ihre Resultats-Entwicklung
Sie haben dieses Quiz seit der letzten Aktualisierung nicht gespielt